|
|
|
|
| LEADER |
00867nab a2200217 i 4500 |
| 001 |
acta23070 |
| 005 |
20210413091451.0 |
| 008 |
161017s2009 hu o 0|| eng d |
| 022 |
|
|
|a 1588-385X
|
| 040 |
|
|
|a SZTE Egyetemi Kiadványok Repozitórium
|b hun
|
| 041 |
|
|
|a eng
|
| 100 |
2 |
|
|a Kertészné Lebovics Vera
|
| 245 |
1 |
0 |
|a Fatty acid composition of human milk in Hungary with special attention to trans fatty acids
|h [elektronikus dokumentum] /
|c Kertészné Lebovics Vera
|
| 260 |
|
|
|c 2009
|
| 300 |
|
|
|a 55-56
|
| 490 |
0 |
|
|a Acta biologica Szegediensis
|v 53
|
| 695 |
|
|
|a Természettudomány, Biológia
|
| 700 |
0 |
1 |
|a Kontraszti Mariann
|e aut
|
| 700 |
0 |
1 |
|a Lugasi Andrea
|e aut
|
| 710 |
|
|
|a Congress of the Hungarian Society for Free Radical Research, 5., 2009, Szeged
|
| 856 |
4 |
0 |
|u http://acta.bibl.u-szeged.hu/23070/1/biologica_053_numb_001_suppl_055-056.pdf
|z Dokumentum-elérés
|